000 00943am a2200337a 44500
003 AR-BaBNM
005 20251128211144.0
008 033020s2000 #AR|||||||||||000 | esp||
020 _a987-9334-80-9
040 _cAR-BaBNM
100 1 _aFerreira, Fernando
245 1 0 _aUna historia de la censura
_bviolencia y proscripción en la Argentina del siglo XX
260 _aBuenos Aires
_bGrupo Editorial Norma
_c2000
300 _a429 p.
490 0 _aBiografías y documentos
650 4 _aHISTORIA ARGENTINA
650 4 _aLIBERTAD DE PRENSA
650 4 _aLIBERTAD DE EXPRESION
650 4 _aDERECHO A LA INFORMACION
650 4 _aCONTROL DE LA COMUNICACION
650 4 _aCENSURA
650 4 _aPERIODISTAS
650 4 _aHISTORIA
650 4 _aPERIODISMO
650 4 _aHISTORIA POLITICA
650 4 _aHISTORIA SOCIAL
651 4 _aArgentina
700 1 _aRuiz, Néstor
_eprologuista
942 _cBK
998 _cmariana
999 _c18489
_d18489